01095njm a2200265Ia 450000100060000000300090000600500170001500800410003204000130007304000130008604100120009910000190011110000180013010000380014824500260018625000110021226000120022326000690023530000100030430000290031450000400034350503340038351100650071765000470078227247IT-RoPAU20220918181155.0131025s9999 xx 000 0 und d aIT-RoPAU cIT-RoPAU aTEDESCO aSchubert Franz eAutore musica gCodice autore musica SPICS: 10690 aSchone Mullerin (Die) a1a ed. aGERMANY bDEUTSCHE GRAMMOPHONc1972 [1a Ed.:1972 - Ed. Lingua Orig.: 1823] aDISCO c63 minuti (Testo: pag.) aMusica classica. Musica operistica. aDas Wandern - Trockne Blumen - Wohin? - Der Muller Und Der Bach - Halt! - Des Baches Wiegenlied - Danksagung An Den Bach - Am Feierabend - Der Neugierige - Ungeduld - Morgengruss - Des Mullers Blumen - Tranenregen - Mein! - Pause - Mit Dem Grunen Lautenbande - Der Jager - Eifersucht Und Stolz - Die Liebe Farbe - Die Bose Farbe aDietrich Fischer-Dieskau: baritono, Gerald Moore: pianoforte aOPERA [DISCHI]eCodice MATERIA SPICS: 9950